| 000 | 00872nam a22002177a 4500 | ||
|---|---|---|---|
| 999 |
_c16947 _d16947 |
||
| 003 | AR-CdUCM | ||
| 008 | 190506b ||||| |||| 00| 0 spa d | ||
| 040 |
_aMUNICIPALIDAD PROVINCIAL DEL CUSCO _cBIBLIOTECA MUNICIPAL DEL CUSCO |
||
| 082 |
_22ed. _a334.1 / _bG51 |
||
| 100 |
_aGiudice, J. C. del _935347 |
||
| 245 |
_aLa vivienda : _b¿un problema insolubles? / |
||
| 260 |
_aBuenos Aires : _bIntercoop, _c1964. |
||
| 300 |
_a142 páginas ; _bfigura, _c18.5 cm. |
||
| 440 |
_aCuadernos de Cultura Cooperativa. _935771 |
||
| 505 | _aContenido: Gravedad del problema -- Cuestión de vida o muerte -- Población, vivienda y civilización -- Crisis de la vivienda -- Consecuencias del régimen de alquileres congelados ... | ||
| 650 |
_aVivienda _911844 |
||
| 650 |
_aCondiciones sociales _91132 |
||
| 650 |
_aSiglo XX _98 |
||
| 942 |
_2ddc _cLIBROS |
||
| 945 |
_aachl _d2019-05-06 |
||